[Event "Pardubice Open A"]
[Site "?"]
[Date "2015.08.01"]
[Round "9.4"]
[White "BORUCHOVSKY, Avital"]
[Black "KOVALEV, Andrei"]
[Result "0-1"]
[WhiteElo "2539"]
[BlackElo "2491"]
[PlyCount "86"]
[EventDate "2015.??.??"]
[WhiteClock "0:30:06"]
[BlackClock "0:28:44"]

1. e4 d6 2. d4 Nf6 3. Nc3 g6 4. g3 Bg7 5. Bg2 O-O 6. Nge2 e5 7. O-O exd4 8.
Nxd4 Re8 9. Re1 Bg4 10. Qd2 Bd7 11. Rb1 Nc6 12. Nxc6 Bxc6 13. b4 a6 14. a4 Ng4
15. b5 axb5 16. axb5 Bd7 17. f4 Qf6 18. e5 dxe5 19. Nd5 Qd6 20. h3 Qc5+ 21. Kh1
Nf2+ 22. Kh2 exf4 23. Rxe8+ Rxe8 24. gxf4 Ne4 25. Qd3 Nf2 26. Qd2 Bf5 27. Ne3
Ne4 28. Qb4 Qb6 29. Nxf5 gxf5 30. Qe1 Bc3 31. Qf1 Qg6 32. Bxe4 Rxe4 33. Rb3 Be1
34. Rd3 Bh4 35. Bb2 h5 36. Be5 Kh7 37. c3 Qe6 38. Rd2 Re3 39. Rg2 f6 40. Qg1
Re1 41. Rg7+ Kh8 42. Qg2 fxe5 43. Rg6 exf4 0-1

[Event "Pardubice Open A"]
[Site "?"]
[Date "2015.08.01"]
[Round "9.5"]
[White "RAZNIKOV, Danny"]
[Black "PAP, Gyula"]
[Result "1-0"]
[WhiteElo "2500"]
[BlackElo "2536"]
[PlyCount "77"]
[EventDate "2015.??.??"]
[WhiteClock "0:04:37"]
[BlackClock "0:00:34"]

1. d4 d5 2. c4 e6 3. Nf3 a6 4. g3 dxc4 5. Bg2 Nf6 6. O-O Nc6 7. e3 Rb8 8. Nfd2
Qd7 9. Nxc4 b5 10. Ncd2 Bb7 11. Nb3 Nd8 12. f3 Bd5 13. Nc3 Bc4 14. Rf2 Nb7 15.
Nd2 Bd5 16. e4 Bc6 17. Nb3 b4 18. Ne2 Ba4 19. Be3 c5 20. dxc5 Nxc5 21. Qxd7+
Nfxd7 22. Nec1 Be7 23. Rc2 Rc8 24. Nd3 Bxb3 25. axb3 O-O 26. Rac1 Nxd3 27. Rxc8
Nxc1 28. Rxc1 Bd8 29. Rc6 Bf6 30. Rxa6 Bxb2 31. Rd6 Nf6 32. Bf1 Rb8 33. Kf2 h6
34. Rb6 Rxb6 35. Bxb6 Nd7 36. Ba7 Kf8 37. Bb5 Ke7 38. Ke3 Bc1+ 39. Ke2 1-0

[Event "Pardubice Open A"]
[Site "?"]
[Date "2015.08.01"]
[Round "9.7"]
[White "POPILSKI, Gil"]
[Black "KONGUVEL, Ponnuswamy"]
[Result "1/2-1/2"]
[WhiteElo "2519"]
[BlackElo "2337"]
[PlyCount "127"]
[EventDate "2015.??.??"]
[WhiteClock "0:00:37"]
[BlackClock "0:01:42"]

1. Nf3 Nf6 2. g3 g6 3. b3 Bg7 4. Bb2 O-O 5. Bg2 d6 6. d4 Nbd7 7. c4 e5 8. dxe5
Ng4 9. Nc3 Ngxe5 10. O-O a5 11. Nxe5 Nxe5 12. Qc2 Bf5 13. e4 Bd7 14. h3 Nc6 15.
Ne2 Re8 16. Rad1 Nb4 17. Qd2 Bc6 18. Bxg7 Kxg7 19. Nc3 Na6 20. Rfe1 Nc5 21. f4
Qf6 22. Qc2 h5 23. Nd5 Bxd5 24. cxd5 Na6 25. Qd2 Nc5 26. Rc1 b6 27. h4 Rad8 28.
Re3 Re7 29. Rce1 Rde8 30. Kh2 Kg8 31. Qe2 Nd7 32. Qc4 Nf8 33. a3 Qg7 34. b4
axb4 35. axb4 Nh7 36. Bf3 Kf8 37. R3e2 f6 38. Bg2 g5 39. hxg5 fxg5 40. e5 h4
41. gxh4 gxh4 42. Re3 Kg8 43. Bh3 Kh8 44. Rg1 Qh6 45. Qd4 dxe5 46. fxe5 Rg7 47.
Rxg7 Qxg7 48. Be6 Ra8 49. Bh3 Qg5 50. e6+ Qf6 51. Qxf6+ Nxf6 52. e7 Kg7 53. Bf5
Kf7 54. Kh3 Re8 55. Kxh4 Rxe7 56. Be6+ Ke8 57. Rf3 Nd7 58. Kg5 Rg7+ 59. Kh6
Rg6+ 60. Kh5 Rg7 61. Kh6 Rg6+ 62. Kh5 Rg7 63. Rf2 Nf8 64. Kh6 1/2-1/2

[Event "Pardubice Open A"]
[Site "?"]
[Date "2015.08.01"]
[Round "9.8"]
[White "SIMACEK, Pavel"]
[Black "PIORUN, Kacper"]
[Result "0-1"]
[WhiteElo "2454"]
[BlackElo "2591"]
[PlyCount "82"]
[EventDate "2015.??.??"]
[WhiteClock "0:22:18"]
[BlackClock "0:30:36"]

1. e4 c5 2. Nf3 Nc6 3. c4 g6 4. d4 cxd4 5. Nxd4 Bg7 6. Be3 Nf6 7. Nc3 d6 8. Be2
O-O 9. Nc2 b6 10. O-O Bb7 11. Rc1 Ne5 12. f3 e6 13. Bg5 h6 14. Bf4 Qe7 15. Qd2
g5 16. Be3 Ng6 17. Nd4 Kh7 18. Bd3 Kh8 19. Bb1 Nh5 20. g3 Rg8 21. Rcd1 Be5 22.
Nde2 Qc7 23. b3 Rad8 24. Kh1 d5 25. exd5 Nf6 26. Be4 Ne7 27. Bd4 exd5 28. cxd5
Nexd5 29. Nxd5 Bxd5 30. Qb2 Rge8 31. Bxe5 Qxe5 32. Qxe5 Rxe5 33. Kg1 Rc8 34.
Nd4 Rc5 35. Bd3 Re8 36. b4 Rc3 37. Rf2 Re3 38. Bf1 Bxf3 39. Rdd2 Ne4 40. Nf5
Re1 41. Nd4 Rxf1+ 0-1

[Event "Pardubice Open A"]
[Site "?"]
[Date "2015.08.01"]
[Round "9.9"]
[White "LINTCHEVSKI, Daniil"]
[Black "CERNOUSEK, Lukas"]
[Result "1/2-1/2"]
[WhiteElo "2574"]
[BlackElo "2455"]
[PlyCount "78"]
[EventDate "2015.??.??"]
[WhiteClock "0:21:07"]
[BlackClock "0:17:34"]

1. e4 c6 2. d4 d5 3. Nd2 dxe4 4. Nxe4 Bf5 5. Ng3 Bg6 6. h4 h6 7. Nf3 Nd7 8. h5
Bh7 9. Bd3 Bxd3 10. Qxd3 e6 11. Bd2 Ngf6 12. O-O-O Be7 13. Kb1 O-O 14. Ne4 c5
15. g4 Nxg4 16. Qe2 Qb6 17. Ne5 Ndxe5 18. dxe5 f5 19. exf6 Nxf6 20. Nc3 Rf7 21.
Rdg1 Kh8 22. Rg6 Qa6 23. Qe1 Qc6 24. Rhg1 Raf8 25. a4 c4 26. Qe2 Bc5 27. R1g2
Bd4 28. Nb5 e5 29. Bb4 Bc5 30. Qxc4 Bxb4 31. Qxb4 Rd8 32. Rg1 a6 33. Nc3 Rd4
34. Qa3 b5 35. axb5 axb5 36. Rxg7 b4 37. Rxf7 bxa3 38. Rf8+ Kh7 39. Rf7+ Kh8
1/2-1/2

[Event "Pardubice Open A"]
[Site "?"]
[Date "2015.08.01"]
[Round "9.10"]
[White "BURMAKIN, Vladimir"]
[Black "STEINBERG, Nitzan"]
[Result "1-0"]
[WhiteElo "2571"]
[BlackElo "2435"]
[PlyCount "85"]
[EventDate "2015.??.??"]
[WhiteClock "0:02:56"]
[BlackClock "0:01:13"]

1. d4 d5 2. Nf3 c6 3. c4 Nf6 4. Nbd2 g6 5. cxd5 cxd5 6. Nb3 Bg7 7. Bf4 O-O 8.
e3 Nc6 9. Be2 Nh5 10. Bg5 h6 11. Bh4 g5 12. Bg3 Nxg3 13. hxg3 Qd6 14. O-O b6
15. Rc1 Bd7 16. a3 Bf6 17. Nh2 Bg7 18. Bd3 f5 19. g4 fxg4 20. Nxg4 h5 21. Ne5
Nxe5 22. dxe5 Qxe5 23. Qxh5 Rf6 24. Bg6 Qd6 25. Bh7+ Kf8 26. f4 gxf4 27. Rxf4
Rxf4 28. exf4 Rd8 29. Qg5 Be6 30. Rd1 Bf7 31. Qg4 Bxb2 32. Nd4 Bxa3 33. Nf3
Bc5+ 34. Kf1 Qh6 35. Ng5 d4 36. Bd3 Bg8 37. Re1 Bd6 38. Re6 Qh1+ 39. Kf2 Rc8
40. Qf5+ Kg7 41. Rg6+ Kh8 42. Qxc8 Qh4+ 43. Kg1 1-0

[Event "Pardubice Open A"]
[Site "?"]
[Date "2015.08.01"]
[Round "9.11"]
[White "MOZHAROV, Mikhail"]
[Black "DAS, Sayantan"]
[Result "1-0"]
[WhiteElo "2564"]
[BlackElo "2444"]
[PlyCount "107"]
[EventDate "2015.??.??"]
[WhiteClock "0:38:38"]
[BlackClock "0:29:20"]

1. Nf3 Nf6 2. c4 g6 3. d4 Bg7 4. g3 O-O 5. Bg2 d6 6. O-O Nbd7 7. Nc3 e5 8. e4
Re8 9. d5 Nc5 10. Ne1 a5 11. Nd3 b6 12. Nxc5 dxc5 13. f4 Ba6 14. Qd3 c6 15. Kh1
b5 16. Qc2 bxc4 17. fxe5 Ng4 18. e6 fxe6 19. Bh3 h5 20. Bf4 cxd5 21. exd5 e5
22. Bxg4 hxg4 23. Bh6 e4 24. Bxg7 Kxg7 25. Rad1 Bb7 26. Kg1 e3 27. Ne2 Qd6 28.
Rf4 Bc8 29. Rxc4 Bf5 30. Qc3+ Qe5 31. Rxc5 Qxc3 32. Rxc3 Rab8 33. b3 Rbc8 34.
Rxc8 Rxc8 35. Nd4 Kf6 36. Kf1 Be4 37. d6 Bf3 38. d7 Rd8 39. Nxf3 gxf3 40. Rd3
Kg5 41. h3 Kh6 42. Rxe3 Rxd7 43. Rxf3 Rd1+ 44. Ke2 Rh1 45. h4 Kh5 46. Rf4 Rh2+
47. Kf3 Rxa2 48. Ra4 Rd2 49. Rxa5+ Kh6 50. Re5 Rd3+ 51. Re3 Rd4 52. Rc3 Kh5 53.
Ke3 Rg4 54. Kd2 1-0

[Event "Pardubice Open A"]
[Site "?"]
[Date "2015.08.01"]
[Round "9.12"]
[White "LOMASOV, Semen"]
[Black "BABULA, Vlastimil"]
[Result "0-1"]
[WhiteElo "2342"]
[BlackElo "2559"]
[PlyCount "80"]
[EventDate "2015.??.??"]
[WhiteClock "0:01:40"]
[BlackClock "0:07:09"]

1. d4 Nf6 2. Bg5 c5 3. d5 Ne4 4. Bc1 e6 5. c4 d6 6. Nd2 exd5 7. cxd5 Nxd2 8.
Bxd2 Be7 9. g3 O-O 10. Bg2 Bf6 11. Bc3 Bxc3+ 12. bxc3 Qa5 13. Qc2 Re8 14. Nf3
Bf5 15. Qd2 Be4 16. Nh4 Bxg2 17. Nxg2 Nd7 18. O-O Ne5 19. Ne3 Qa4 20. Qd1 Qe4
21. Qb1 Nc4 22. Nxc4 Qxc4 23. Qxb7 Qxc3 24. Rab1 Qf6 25. Rb3 Qe7 26. Qxe7 Rxe7
27. Rfb1 g6 28. Rb7 Rae8 29. e3 Kg7 30. a4 Kf6 31. a5 Ke5 32. e4 Rxb7 33. Rxb7
Kxe4 34. Rxa7 c4 35. Kf1 Kd3 36. Rd7 c3 37. Rxd6 Rc8 38. Rb6 c2 39. Rb3+ Kd4
40. Rb4+ Kxd5 0-1

[Event "Pardubice Open A"]
[Site "?"]
[Date "2015.08.01"]
[Round "9.13"]
[White "PREDKE, Alexandr"]
[Black "SUNDARARAJAN, Kidambi"]
[Result "0-1"]
[WhiteElo "2537"]
[BlackElo "2433"]
[PlyCount "84"]
[EventDate "2015.??.??"]
[WhiteClock "0:30:44"]
[BlackClock "0:31:52"]

1. e4 e6 2. d4 d5 3. Nc3 Nf6 4. Bg5 dxe4 5. Nxe4 Be7 6. Bxf6 gxf6 7. Qd2 b6 8.
c4 Bb7 9. Nc3 f5 10. d5 Na6 11. g3 Bg5 12. f4 Bf6 13. Bg2 Qe7 14. O-O-O O-O-O
15. Nge2 Qb4 16. b3 exd5 17. cxd5 Rhe8 18. Nd4 Kb8 19. Kb1 c5 20. Ndb5 Nc7 21.
Qd3 Nxb5 22. Nxb5 a6 23. Nc7 Kxc7 24. d6+ Kb8 25. Bxb7 Kxb7 26. Qd5+ Kb8 27.
Qxf7 Qe4+ 28. Kc1 Rf8 29. Qc7+ Ka8 30. Qxb6 Qb7 31. Qxb7+ Kxb7 32. Rhe1 Rd7 33.
Re6 Kc6 34. Kc2 Bd4 35. Rde1 Rxd6 36. Re7 Rh6 37. R1e6+ Rxe6 38. Rxe6+ Kb5 39.
a4+ Ka5 40. Rh6 Rf7 41. Kd3 Rb7 42. Kc2 Re7 0-1

[Event "Pardubice Open A"]
[Site "?"]
[Date "2015.08.01"]
[Round "9.14"]
[White "KRYAKVIN, Dmitry"]
[Black "ZUMSANDE, Martin"]
[Result "0-1"]
[WhiteElo "2529"]
[BlackElo "2423"]
[PlyCount "102"]
[EventDate "2015.??.??"]
[WhiteClock "0:00:47"]
[BlackClock "0:10:50"]

1. e4 e6 2. d4 d5 3. e5 c5 4. c3 Qb6 5. Nf3 Nc6 6. Na3 cxd4 7. cxd4 Bd7 8. Nc2
Rc8 9. Be2 Nb4 10. Ne3 Bb5 11. O-O Nh6 12. Bxb5+ Qxb5 13. a3 Nc6 14. g3 Qb6 15.
Kh1 Be7 16. Ng2 Ng8 17. b4 h5 18. Nf4 g5 19. Ne2 g4 20. Ne1 Nh6 21. Bxh6 Rxh6
22. Rb1 Bf8 23. Nc2 Rh8 24. Nf4 Ne7 25. Ne3 Kd8 26. f3 Rc3 27. Nfg2 Bh6 28. f4
Rxa3 29. b5 Kd7 30. Qc2 Qxd4 31. b6 axb6 32. Rfd1 Qc3 33. Qe2 Rc8 34. Qb5+ Qc6
35. Qb2 Rc3 36. Qa2 Qc5 37. Qa4+ Rc6 38. Qe4 Bf8 39. f5 Bh6 40. f6 Rxe3 41. Qh7
Nf5 42. Qxf7+ Kc8 43. Ra1 Ra3 44. Qxh5 d4 45. Qe8+ Kc7 46. Rxa3 Qxa3 47. Qf7+
Kb8 48. Qg8+ Rc8 49. Qxe6 Qf3 50. Ra1 d3 51. Qxb6 Be3 0-1

[Event "Pardubice Open A"]
[Site "?"]
[Date "2015.08.01"]
[Round "9.15"]
[White "HABA, Petr"]
[Black "STELLA, Andrea"]
[Result "1/2-1/2"]
[WhiteElo "2488"]
[BlackElo "2427"]
[PlyCount "79"]
[EventDate "2015.??.??"]
[WhiteClock "0:09:04"]
[BlackClock "0:05:56"]

1. d4 Nf6 2. c4 g6 3. Nc3 d5 4. cxd5 Nxd5 5. e4 Nxc3 6. bxc3 Bg7 7. Nf3 c5 8.
Rb1 O-O 9. Be2 cxd4 10. cxd4 Qa5+ 11. Bd2 Qxa2 12. O-O b6 13. Qc1 Qe6 14. Bc4
Qxe4 15. Re1 Qb7 16. Bb4 Be6 17. Rxe6 fxe6 18. Ng5 Nc6 19. Nxe6 Kh8 20. Bc3 Bf6
21. Qh6 Rf7 22. Rc1 Qd7 23. h4 Na5 24. Ba2 Rc8 25. Nf4 Nc4 26. Nxg6+ Kg8 27.
Ne5 Bxe5 28. dxe5 Rc6 29. Qh5 Qf5 30. Qe2 b5 31. Rd1 e6 32. Bb1 Qf4 33. g3 Qf3
34. Rd8+ Kg7 35. Qc2 Kh6 36. Rg8 Ne3 37. Rg6+ Kh5 38. Rg5+ Kh6 39. Rg6+ Kh5 40.
Rg5+ 1/2-1/2

[Event "Pardubice Open A"]
[Site "?"]
[Date "2015.08.01"]
[Round "9.16"]
[White "YUFFA, Daniil"]
[Black "PISCOPO, Pierluigi"]
[Result "0-1"]
[WhiteElo "2474"]
[BlackElo "2422"]
[PlyCount "70"]
[EventDate "2015.??.??"]
[WhiteClock "0:02:04"]
[BlackClock "0:09:00"]

1. c4 e5 2. Nc3 Nc6 3. g3 Bc5 4. Bg2 d6 5. e3 Bf5 6. a3 a6 7. Nge2 Nf6 8. d4
Ba7 9. b4 O-O 10. O-O Re8 11. c5 exd4 12. exd4 Qd7 13. Be3 Bh3 14. Bxh3 Qxh3
15. Nf4 Qf5 16. Qb1 Qd7 17. Qb3 Ne7 18. Ncd5 Nfxd5 19. Nxd5 Nf5 20. Rad1 c6 21.
Nf4 d5 22. a4 Re4 23. b5 Rae8 24. bxc6 bxc6 25. Ng2 h5 26. Rd3 h4 27. f3 R4e7
28. Bf4 Nxd4 29. Rxd4 Bxc5 30. Qc3 Qh3 31. Be3 Rxe3 32. Nxe3 hxg3 33. hxg3
Qxg3+ 34. Kh1 Re5 35. Ng2 Re2 0-1

[Event "Pardubice Open A"]
[Site "?"]
[Date "2015.08.01"]
[Round "9.17"]
[White "GUTMAN, Gennadi"]
[Black "ARAT, Ufuk Sezen"]
[Result "0-1"]
[WhiteElo "2468"]
[BlackElo "2409"]
[PlyCount "66"]
[EventDate "2015.??.??"]
[WhiteClock "0:17:48"]
[BlackClock "0:06:30"]

1. d4 Nf6 2. Nf3 g6 3. c4 Bg7 4. Nc3 c5 5. d5 d6 6. e4 e6 7. Bd3 exd5 8. cxd5
a6 9. a4 Bg4 10. h3 Bxf3 11. Qxf3 O-O 12. O-O Nbd7 13. Qd1 Ne8 14. Bf4 Qe7 15.
Qd2 Rc8 16. Bg5 Qe5 17. a5 c4 18. Bc2 Nc7 19. Be3 Nb5 20. f4 Qe7 21. Rae1 Nc5
22. e5 dxe5 23. f5 Nxc3 24. bxc3 Qd6 25. Rb1 Rfd8 26. Qf2 Rd7 27. f6 Bf8 28.
Bf5 gxf5 29. Qg3+ Kh8 30. Rxf5 Qxd5 31. Rbf1 Ne6 32. Rh5 Qd3 33. Rff5 Qxe3+ 0-1

[Event "Pardubice Open A"]
[Site "?"]
[Date "2015.08.01"]
[Round "9.18"]
[White "GOLUBOV, Saveliy"]
[Black "NARAYANAN, Srinath"]
[Result "1/2-1/2"]
[WhiteElo "2446"]
[BlackElo "2464"]
[PlyCount "118"]
[EventDate "2015.??.??"]
[WhiteClock "0:08:40"]
[BlackClock "0:58:02"]

1. e4 c5 2. Nf3 d6 3. d4 Nf6 4. Nc3 cxd4 5. Nxd4 a6 6. Be2 e5 7. Nb3 Be7 8. O-O
O-O 9. Bf3 Be6 10. Re1 Nbd7 11. a4 Qb8 12. Nd2 Bd8 13. a5 b5 14. axb6 Bxb6 15.
Nf1 Rc8 16. Ne3 Bd4 17. Ncd5 Bxd5 18. exd5 g6 19. g4 Bxe3 20. Rxe3 Rc4 21. c3
Nc5 22. Be2 Rf4 23. b4 Nce4 24. f3 Ng5 25. h4 Nh3+ 26. Kg2 Nf2 27. Qe1 N2xg4
28. fxg4 Nxd5 29. Rd3 Qb7 30. Kh2 Re4 31. Qf1 Nf6 32. Qg2 h5 33. Bg5 Rxe2 34.
Qxe2 Nxg4+ 35. Kg1 Rc8 36. Rg3 Qb6+ 37. Be3 Qd8 38. Bg5 Qb6+ 39. Be3 Qd8 40.
Rxg4 hxg4 41. Qe1 Rc6 42. Bf2 Qc8 43. Qe2 Rxc3 44. Qxa6 Qf5 45. Qxd6 Rc2 46.
Rf1 Qe4 47. Qd8+ Kg7 48. Qg5 f6 49. Qe3 Qxe3 50. Bxe3 Rb2 51. Bc5 f5 52. h5 Kh6
53. hxg6 Kxg6 54. Bd6 Kf6 55. Re1 Ke6 56. Bxe5 Rxb4 57. Bc3+ Re4 58. Rxe4+ fxe4
59. Kf2 Kf5 1/2-1/2

[Event "Pardubice Open A"]
[Site "?"]
[Date "2015.08.01"]
[Round "9.20"]
[White "VALSECCHI, Alessio"]
[Black "GRINBERG, Eyal"]
[Result "1-0"]
[WhiteElo "2457"]
[BlackElo "2387"]
[PlyCount "87"]
[EventDate "2015.??.??"]
[WhiteClock "0:02:55"]
[BlackClock "0:02:33"]

1. c4 e5 2. g3 Nf6 3. Bg2 Nc6 4. Nc3 Bb4 5. Nd5 Bc5 6. e3 O-O 7. Ne2 d6 8. O-O
Bb6 9. b3 Re8 10. Bb2 Nxd5 11. cxd5 Nb4 12. Bc3 a5 13. a3 Na6 14. d4 Bg4 15.
Ra2 Qd7 16. e4 c6 17. Rd2 cxd5 18. dxe5 dxe5 19. Rxd5 Qc7 20. Bb2 Rad8 21. h3
Bd7 22. Nc3 Be6 23. Rxd8 Rxd8 24. Nd5 Bxd5 25. exd5 Qd6 26. Kh1 Nc7 27. f4 exf4
28. Qg4 f6 29. gxf4 Re8 30. Qf5 Re3 31. Be5 Qc5 32. d6 fxe5 33. Qc8+ Kf7 34.
fxe5+ Kg6 35. Qg4+ Kh6 36. Qh4+ Kg6 37. Qg4+ Kh6 38. Qh4+ Kg6 39. Be4+ Rxe4 40.
Qxe4+ Kh6 41. dxc7 g6 42. Qh4+ Kg7 43. Qf6+ Kg8 44. Qf7+ 1-0

[Event "Pardubice Open A"]
[Site "?"]
[Date "2015.08.01"]
[Round "9.21"]
[White "BEN ARTZI, Ido"]
[Black "SCHLOSSER, Philipp"]
[Result "1/2-1/2"]
[WhiteElo "2397"]
[BlackElo "2579"]
[PlyCount "134"]
[EventDate "2015.??.??"]
[WhiteClock "0:05:16"]
[BlackClock "0:35:14"]

1. d4 Nf6 2. c4 e6 3. Nc3 Bb4 4. Qc2 b6 5. e4 c5 6. d5 Qe7 7. Nge2 exd5 8. exd5
Ba6 9. Bd2 Bxc4 10. O-O-O Bxe2 11. Bxe2 O-O 12. Bd3 d6 13. g4 g6 14. g5 Nh5 15.
Rde1 Qd8 16. Be2 Ng7 17. Ne4 Nd7 18. Bc3 Bxc3 19. Qxc3 f5 20. Nxd6 Qxg5+ 21.
Kc2 Qf6 22. Nb5 a6 23. Nc7 Ra7 24. d6 b5 25. Bf3 Qxc3+ 26. Kxc3 Nb6 27. Rd1 Rd8
28. Rhe1 Nc8 29. Re5 Rxd6 30. Rxd6 Nxd6 31. Rxc5 Ne4+ 32. Bxe4 fxe4 33. Kb4 Rb7
34. Nxa6 Ne6 35. Re5 Nf4 36. Nc5 Nd3+ 37. Nxd3 exd3 38. Kc3 Rd7 39. Kd2 b4 40.
Re4 Ra7 41. Rxb4 Rxa2 42. Kxd3 Kf7 43. Ke4 Kf6 44. f4 Ra1 45. Rb6+ Kg7 46. Rb7+
Kh6 47. b4 Rh1 48. b5 Rxh2 49. b6 Rb2 50. Kd5 Rd2+ 51. Kc6 Rc2+ 52. Kd6 Rd2+
53. Ke6 Rb2 54. Kd6 Rd2+ 55. Kc6 Rc2+ 56. Kd7 Rd2+ 57. Ke8 Rb2 58. Kf8 Kh5 59.
Rxh7+ Kg4 60. b7 Kxf4 61. Ke8 g5 62. Kd8 g4 63. Kc8 g3 64. b8=Q+ Rxb8+ 65. Kxb8
g2 66. Rg7 Kf3 67. Rxg2 Kxg2 1/2-1/2

[Event "Pardubice Open A"]
[Site "?"]
[Date "2015.08.01"]
[Round "9.22"]
[White "OGANIAN, Miran"]
[Black "STOCEK, Jiri"]
[Result "0-1"]
[WhiteElo "2370"]
[BlackElo "2573"]
[PlyCount "88"]
[EventDate "2015.??.??"]
[WhiteClock "0:26:25"]
[BlackClock "0:42:15"]

1. d4 Nf6 2. c4 e6 3. g3 Bb4+ 4. Bd2 a5 5. Bg2 d6 6. Nf3 Nbd7 7. O-O e5 8. Nc3
O-O 9. Qc2 Re8 10. e4 exd4 11. Nxd4 h6 12. Rad1 Ne5 13. b3 Bg4 14. f3 Bd7 15.
h3 a4 16. Kh2 axb3 17. axb3 c6 18. f4 Ng6 19. Nd5 cxd5 20. Bxb4 Qb6 21. Bxd6
Qxd6 22. cxd5 h5 23. e5 Nxe5 24. fxe5 Rxe5 25. Nf3 Bf5 26. Qf2 Ne4 27. Qe3 Ree8
28. Nd4 Bg6 29. Nb5 Qd7 30. Nc3 Nd6 31. Qf4 Rac8 32. Na4 Rc2 33. Rd2 Rxd2 34.
Qxd2 Qe7 35. Nb6 h4 36. gxh4 Qc7 37. Na4 b5 38. Nb2 Nc4+ 39. Qf4 Qxf4+ 40. Rxf4
Nxb2 41. Rd4 Nd3 42. h5 Bf5 43. Bf1 Ne5 44. Bxb5 Rb8 0-1

[Event "Pardubice Open A"]
[Site "?"]
[Date "2015.08.01"]
[Round "9.23"]
[White "STUPAK, Kirill"]
[Black "CERVENY, Martin"]
[Result "1/2-1/2"]
[WhiteElo "2547"]
[BlackElo "2394"]
[PlyCount "85"]
[EventDate "2015.??.??"]
[WhiteClock "0:16:12"]
[BlackClock "0:20:42"]

1. d4 Nf6 2. c4 d6 3. g3 g6 4. Bg2 Bg7 5. Nf3 O-O 6. O-O Nbd7 7. Nc3 e5 8. dxe5
dxe5 9. b3 Re8 10. e4 c6 11. Qc2 Nc5 12. Rd1 Qc7 13. h3 h6 14. Ba3 Bf8 15. Bb2
a5 16. Rab1 Nh7 17. Bc1 Ne6 18. Be3 Nhg5 19. Nxg5 hxg5 20. Qc1 Qe7 21. Na4 g4
22. Nb6 Rb8 23. hxg4 Nd4 24. Nxc8 Rbxc8 25. Bxd4 exd4 26. Rxd4 Rcd8 27. Rxd8
Rxd8 28. Qc2 Qf6 29. Re1 Qe5 30. f4 Bc5+ 31. Kh2 Qh8+ 32. Bh3 Bb4 33. Rd1 Rxd1
34. Qxd1 Qb2+ 35. Bg2 Qh8+ 36. Bh3 Qb2+ 37. Kh1 Bc5 38. Qd8+ Kg7 39. Bg2 Qxa2
40. e5 Qxb3 41. Qf6+ Kg8 42. e6 Qxg3 43. exf7+ 1/2-1/2

[Event "Pardubice Open A"]
[Site "?"]
[Date "2015.08.01"]
[Round "9.24"]
[White "KREJCI, Jan"]
[Black "VYSKOCIL, Neklan"]
[Result "1/2-1/2"]
[WhiteElo "2500"]
[BlackElo "2370"]
[PlyCount "79"]
[EventDate "2015.??.??"]
[WhiteClock "0:19:43"]
[BlackClock "0:05:36"]

1. d4 Nf6 2. c4 e6 3. Nc3 Bb4 4. e3 b6 5. Nge2 Ne4 6. Qc2 Bb7 7. a3 Bxc3+ 8.
Nxc3 f5 9. b3 Qe7 10. Bb2 d6 11. d5 Nxc3 12. Bxc3 O-O 13. g3 Nd7 14. Bg2 e5 15.
O-O Rae8 16. f4 exf4 17. exf4 Qe2 18. Bd2 Nc5 19. Bf3 Qd3 20. Qxd3 Nxd3 21. Ra2
Nc5 22. Rb1 Ne4 23. Be1 Re7 24. Rc2 Rfe8 25. Kf1 c6 26. dxc6 Bxc6 27. Kg2 Nf6
28. Bxc6 Rxe1 29. Rxe1 Rxe1 30. Rd2 Re3 31. b4 Rxa3 32. Rxd6 Rc3 33. Rd8+ Kf7
34. Rc8 a5 35. Rc7+ Kg6 36. c5 Rc2+ 37. Kf1 bxc5 38. bxc5 Kh6 39. Bb5 Nd5 40.
Rc6+ 1/2-1/2

[Event "Pardubice Open A"]
[Site "?"]
[Date "2015.08.01"]
[Round "9.25"]
[White "CAMARENA GIMENEZ, Rufino"]
[Black "LALIC, Bogdan"]
[Result "1/2-1/2"]
[WhiteElo "2378"]
[BlackElo "2480"]
[PlyCount "23"]
[EventDate "2015.??.??"]
[WhiteClock "1:20:59"]
[BlackClock "1:26:17"]

1. d4 Nf6 2. c4 e6 3. Nf3 c5 4. e3 a6 5. Nc3 d5 6. cxd5 exd5 7. Be2 Nc6 8. O-O
Bd6 9. dxc5 Bxc5 10. a3 O-O 11. b4 Ba7 12. Bb2 1/2-1/2

[Event "Pardubice Open A"]
[Site "?"]
[Date "2015.08.01"]
[Round "9.26"]
[White "NGUYEN, Thai Dai Van"]
[Black "TESKE, Henrik"]
[Result "0-1"]
[WhiteElo "2349"]
[BlackElo "2475"]
[PlyCount "114"]
[EventDate "2015.??.??"]
[WhiteClock "0:05:57"]
[BlackClock "0:11:26"]

1. e4 c5 2. Nf3 Nc6 3. d4 cxd4 4. Nxd4 g6 5. c4 Nf6 6. Nc3 d6 7. Be2 Nxd4 8.
Qxd4 Bg7 9. Be3 O-O 10. Qd2 Be6 11. Rc1 Qa5 12. f3 Rfc8 13. b3 Nd7 14. O-O Nc5
15. Rfd1 a6 16. Nd5 Qxd2 17. Rxd2 Bxd5 18. Rxd5 a5 19. Rcd1 b6 20. g3 Bc3 21.
Bd4 Bxd4+ 22. R5xd4 Kg7 23. Kg2 Ne6 24. R4d2 Nc5 25. Rd5 f6 26. Kf2 Na6 27. a3
Nc5 28. b4 axb4 29. axb4 Na6 30. Rb1 Kf7 31. Rdd1 Nb8 32. Ra1 Nc6 33. b5 Na5
34. Rdb1 Rc5 35. Rb4 Rac8 36. h4 f5 37. Rc1 Kf6 38. Ke3 fxe4 39. fxe4 Ke5 40.
Bd3 e6 41. h5 gxh5 42. Rh1 Kf6 43. Rf1+ Ke7 44. Rh1 Rg5 45. Rh3 Kf6 46. Kd4
Rcg8 47. Rb1 Rxg3 48. Rxh5 Rf3 49. Rbh1 Nb3+ 50. Kc3 Nc5 51. Rh6+ Rg6 52. R6h3
Rfg3 53. Rf1+ Ke5 54. Rh5+ R6g5 55. Rxg5+ Rxg5 56. Rf3 h5 57. Rh3 h4 0-1

[Event "Pardubice Open A"]
[Site "?"]
[Date "2015.08.01"]
[Round "9.28"]
[White "JANSA, Vlastimil"]
[Black "MARTYNOV, Pavel"]
[Result "1-0"]
[WhiteElo "2457"]
[BlackElo "2385"]
[PlyCount "93"]
[EventDate "2015.??.??"]
[WhiteClock "0:21:13"]
[BlackClock "0:03:10"]

1. e4 e6 2. d4 d5 3. Nd2 Be7 4. Bd3 c5 5. dxc5 Nf6 6. Qe2 O-O 7. Ngf3 a5 8. O-O
Na6 9. e5 Nd7 10. c4 Naxc5 11. Bc2 dxc4 12. a4 Nb3 13. Nxb3 cxb3 14. Bxb3 b6
15. Bc2 Nc5 16. Rd1 Ba6 17. Qe3 Qc7 18. Bd2 Rfd8 19. Bc3 Bc4 20. Nd4 Rd5 21.
Nb5 Bxb5 22. Rxd5 exd5 23. axb5 g6 24. Rd1 Rd8 25. g3 Ne6 26. Bb3 Bc5 27. Qe2
d4 28. Be1 Ng5 29. Rd3 Re8 30. f4 Ne6 31. Bf2 Qd7 32. Bc4 Nc7 33. Rd1 Rd8 34.
Qe4 Kf8 35. Rd3 Nxb5 36. e6 Nd6 37. Qe1 Qe7 38. Ba2 Nb5 39. f5 gxf5 40. Qe5 f6
41. Qxf5 Nd6 42. Qf4 Nb5 43. g4 Bd6 44. Qf5 Be5 45. Rf3 Qc7 46. g5 Qc1+ 47. Kg2
1-0

[Event "Pardubice Open A"]
[Site "?"]
[Date "2015.08.01"]
[Round "9.29"]
[White "BIOLEK, Richard Jr"]
[Black "BILGUUN, Sumiya"]
[Result "0-1"]
[WhiteElo "2457"]
[BlackElo "2361"]
[PlyCount "138"]
[EventDate "2015.??.??"]
[WhiteClock "0:01:33"]
[BlackClock "0:01:54"]

1. d4 d5 2. c4 e6 3. Nc3 c6 4. cxd5 exd5 5. Bf4 Nf6 6. e3 Be7 7. Bd3 Nbd7 8. h3
O-O 9. Nf3 Re8 10. Qc2 Nf8 11. a3 Ne6 12. Be5 g6 13. b4 a6 14. Rb1 Ng7 15. a4
Bf5 16. O-O Rc8 17. Rfc1 b5 18. Bxf5 Nxf5 19. Qa2 Nd6 20. Bxf6 Bxf6 21. Ne2 Nc4
22. Nd2 Be7 23. Nxc4 dxc4 24. a5 Bd6 25. Nc3 f5 26. Re1 Qf6 27. g3 Rcd8 28. Qe2
Qf8 29. Qb2 Bc7 30. h4 Qf6 31. Rbd1 h6 32. Qe2 Bd6 33. Rb1 Qf8 34. Na2 Qf6 35.
Qf3 Bf8 36. Nc3 Kg7 37. Kg2 Rd7 38. Rh1 Rf7 39. Rh2 Rd8 40. Rh3 Rfd7 41. Rhh1
h5 42. Ne2 Rc8 43. Nf4 Bd6 44. Rhe1 Rdd8 45. Re2 Re8 46. Reb2 Bxf4 47. Qxf4 Re4
48. Qf3 Qe6 49. Rc2 Qd5 50. Rc3 Rh8 51. Rh1 g5 52. hxg5 h4 53. Rh3 Kg6 54. Rc1
Kxg5 55. Rch1 Kf6 56. gxh4 Rg8+ 57. Kf1 c3 58. Qh5 Reg4 59. Ke2 Qc4+ 60. Kf3
Qd5+ 61. Ke2 Qc4+ 62. Kf3 c2 63. Rg3 Rxg3+ 64. fxg3 c1=Q 65. Qh6+ Ke7 66. Qh7+
Kd6 67. Rxc1 Qxc1 68. Kg2 Qc2+ 69. Kh3 Qc4 0-1

[Event "Pardubice Open A"]
[Site "?"]
[Date "2015.08.01"]
[Round "9.30"]
[White "AHARON, Ofir"]
[Black "VOKAC, Marek"]
[Result "1/2-1/2"]
[WhiteElo "2355"]
[BlackElo "2453"]
[PlyCount "26"]
[EventDate "2015.??.??"]
[WhiteClock "1:21:59"]
[BlackClock "1:19:04"]

1. e4 c5 2. Nf3 Nc6 3. Bb5 g6 4. Bxc6 bxc6 5. O-O Bg7 6. Re1 Nh6 7. c3 O-O 8.
d4 cxd4 9. cxd4 d6 10. Nc3 f6 11. h3 Nf7 12. b3 Bd7 13. Bb2 Qa5 1/2-1/2

[Event "Pardubice Open A"]
[Site "?"]
[Date "2015.08.01"]
[Round "9.31"]
[White "WESTERBERG, Jonathan"]
[Black "SKLIAROV, Viktor"]
[Result "1/2-1/2"]
[WhiteElo "2452"]
[BlackElo "2368"]
[PlyCount "28"]
[EventDate "2015.??.??"]
[WhiteClock "0:45:10"]
[BlackClock "0:40:18"]

1. e4 c5 2. Nf3 Nc6 3. Bb5 e6 4. Bxc6 bxc6 5. d3 Ne7 6. O-O Ng6 7. Ng5 h6 8.
Nh3 d5 9. f4 Be7 10. Qh5 Bf6 11. e5 Be7 12. Rd1 O-O 13. c4 Qe8 14. Re1 f6
1/2-1/2